000 00935nas a2200289 4500
001 BR2012004921
003 BR-BrBNA
005 20231205120817.0
007 ta
008 230509b bl.|||p| |||| 00| 00por d
040 _aBR-BrBNA
_bpor
_cBiblioteca Nacional de Agricultura
041 _a(Pt)
072 _aE73; E50
100 1 _aHomma, A.K.O.
100 1 _aSanches, R. da S.
100 1 _aMenezes, A.J.E.A. de
100 1 _aGusmão, S.A.L. de
245 1 _aEtnocultivo do Jambu para abastecimento da cidade de Belém, estado do Pará
246 1 _aJambu etnocultive in the metropolitan area of Belém, Pará state
650 _aHORTALIÇA
650 _aLEVANTAMENTO
650 _aCONSUMO
650 _aABASTECIMENTO
773 0 _tAmazônia Ciência e Desenvolvimento (Brazil)
_xISSN 1809-4058
_g(Jan-Jun 2011), v. 6(12) p. 125-142
_wBR2012004921
909 _a202311
_bLúcia
_c55
_dLúcia Elande
942 _2AGRIS
_n0
_cANA
999 _c220432
_d220432